[Event "ROM-ch U14"]
[Site "Calimanesti"]
[Date "2014.04.09"]
[Round "5"]
[White "Turturoiu, Nicolae Daniil"]
[Black "Ciorgovean, Iustin"]
[Result "0-1"]
[WhiteElo "1001"]
[BlackElo "1575"]
[PlyCount "48"]
[EventDate "2014.04.06"]
[EventType "swiss"]
[EventRounds "9"]
[EventCountry "ROU"]
[SourceTitle "CBM 160 Extra"]
[Source "ChessBase"]
[SourceDate "2014.07.01"]
[SourceVersion "1"]
[SourceVersionDate "2014.07.01"]
[SourceQuality "1"]

1. e4 c5 2. Nf3 d6 3. Bc4 Nf6 4. d3 Nc6 5. Ng5 e6 6. Nc3 Be7 7. 0-0 0-0 8. Be3 d5 9. exd5 exd5 10. Bb3 d4 11. Nxf7 Rxf7 12. Bxf7+ Kxf7 13. Qf3 dxc3 14. bxc3 Qd5 15. Qf4 Bd6 16. Qf3 Qxf3 17. gxf3 Bh3 18. Rfd1 g5 19. d4 cxd4 20. cxd4 g4 21. d5 Ne5 22. f4 Nc4 23. Bc1 Re8 24. Rd4 Re1# 0-1